[Event "Turtle Speed # 16"]
[Site "SchemingMind.com"]
[Date "2009.01.08"]
[Round "-"]
[White "Tanis"]
[Black "klk12"]
[Result "1-0"]
[WhiteCountry "CHN"]
[BlackCountry "USA"]
[WhiteElo "2037"]
[WhiteRD "76"]
[BlackElo "1369"]
[BlackRD "178"]
[GameID "186950"]

1. d4 d5 2. c4 Nf6 3. cxd5 Nxd5 4. e4 Nf6 5. Nc3 Nc6 6. d5 Ne5 7. f4 Bg4 8. Qb3 c6 9. fxe5 a5 10. exf6 exf6
11. Qxb7 cxd5 12. Bb5+ Bd7 13. Bxd7+ Ke7 14. Nxd5+ Kd6 15. Qc6+ Ke5 16. Nf3+ Kxe4 17. Qc4#
1-0

[Event "Turtle Speed # 16"]
[Site "SchemingMind.com"]
[Date "2009.01.08"]
[Round "-"]
[White "Tanis"]
[Black "saitzi"]
[Result "1-0"]
[WhiteCountry "CHN"]
[BlackCountry "GER"]
[WhiteElo "2033"]
[WhiteRD "78"]
[BlackElo "1596"]
[BlackRD "130"]
[GameID "186951"]

1. d4 Nf6 2. c4 g6 3. Nc3 Bg7 4. e4 d6 5. f4 O-O 6. Be2 c5 7. Nf3 Nc6 8. d5 Nb4 9. O-O e6 10. Re1 Re8
11. a3 Na6 12. Bd2 Rb8 13. dxe6 Bxe6 14. Qc2 Nc7 15. b4 b6 16. Rad1 Qd7 17. b5 a6 18. bxa6
1-0

[Event "Turtle Speed # 16"]
[Site "SchemingMind.com"]
[Date "2009.01.09"]
[Round "-"]
[White "riverriver"]
[Black "Tanis"]
[Result "0-1"]
[WhiteCountry "USA"]
[BlackCountry "CHN"]
[WhiteElo "1830"]
[WhiteRD "68"]
[BlackElo "2033"]
[BlackRD "89"]
[GameID "186952"]

1. d4 Nf6 2. c4 e6 3. Nc3 Bb4 4. e3 O-O 5. Bd3 d5 6. Nf3 c5 7. O-O Nc6 8. a3 Bxc3 9. bxc3 dxc4 10. Bxc4 Qc7
11. Bb2 Rd8 12. Rc1 b6 13. a4 Bb7 14. Bb5 a6 15. Bd3 e5 16. Nh4 e4 17. Be2 Bc8 18. f3 Qe7 19. g3 exf3 20. Rxf3 Na5
21. Qc2 Bb7 22. Nf5 Qe8 23. Nh6+ gxh6 24. Rxf6 Qxe3+ 25. Rf2 Be4 26. Qd1 Rd6 27. Bf3 Rf6 28. Bxe4 Rxf2 29. Qd3 Qxd3 30. Bxd3 Rxb2
31. Rb1 Rxb1+ 32. Kg2 Rb2+ 33. Kh3 Rd2 34. Be4 Re8 35. Bb7 Nxb7
0-1

[Event "Turtle Speed # 16"]
[Site "SchemingMind.com"]
[Date "2009.01.09"]
[Round "-"]
[White "Joe Daudish"]
[Black "Tanis"]
[Result "0-1"]
[WhiteCountry "USA"]
[BlackCountry "CHN"]
[WhiteElo "1721"]
[WhiteRD "47"]
[BlackElo "2037"]
[BlackRD "76"]
[GameID "186953"]

1. d4 Nf6 2. Nf3 e6 3. Bf4 c5 4. h3 Qb6 5. b3 cxd4 6. Qxd4 Bc5 7. Qd3 Bxf2+ 8. Kd1 Nd5 9. Bd2 Ne3+ 10. Bxe3 Qxe3
11. Nbd2 O-O 12. Nc4 Qxd3+ 13. exd3 d5 14. Ke2 Bc5 15. Ne3 Nc6 16. a3 b5 17. c3 d4 18. Nd1 a5 19. Kd2 Bb7 20. a4 b4
21. c4 Bd6 22. Be2 Bf4+ 23. Ke1 e5 24. Nf2 f5 25. Rg1 Bg3 26. Rf1 e4 27. dxe4 fxe4 28. Ng5 Ne5 29. Ne6 e3 30. Nxd4 exf2+
31. Kd2 Rad8
0-1

[Event "Turtle Speed # 16"]
[Site "SchemingMind.com"]
[Date "2009.01.09"]
[Round "-"]
[White "Heidi"]
[Black "Tanis"]
[Result "0-1"]
[WhiteCountry "USA"]
[BlackCountry "CHN"]
[WhiteElo "1142"]
[WhiteRD "109"]
[BlackElo "2037"]
[BlackRD "76"]
[GameID "186954"]

1. e4 e6 2. Nc3 d5 3. Bb5+ c6 4. Bd3 dxe4 5. Bxe4 e5 6. Nf3 f5 7. Bd3 e4 8. Nxe4 fxe4 9. Bxe4 Nf6 10. Bd3 Bg4
11. Bc4 Bc5 12. d4 Bxf3 13. gxf3 Bxd4 14. Qe2+ Qe7 15. Be3 Bxb2 16. Rb1 Bc3+ 17. Kf1 b6 18. h4 Nbd7 19. Rg1 Rd8 20. Rd1 Ne5
21. Bd3 O-O 22. Bf5 Rxd1+ 23. Kg2 Rxg1+ 24. Kxg1 Nd5 25. Qc4 Nxc4 26. Bg5 Qe1+ 27. Kh2 Qxf2+ 28. Kh1 Bd4 29. Bh3 Qg1#
0-1

[Event "Turtle Speed # 16"]
[Site "SchemingMind.com"]
[Date "2009.01.09"]
[Round "-"]
[White "reo"]
[Black "Tanis"]
[Result "0-1"]
[WhiteCountry "THA"]
[BlackCountry "CHN"]
[WhiteElo "1871"]
[WhiteRD "117"]
[BlackElo "2037"]
[BlackRD "76"]
[GameID "186955"]

1. e4 e6 2. d4 d5 3. Nc3 Bb4 4. e5 Ne7 5. a3 Bxc3+ 6. bxc3 c5 7. Ne2 O-O 8. Ng3 Nbc6 9. Be2 Qb6 10. Kf1 cxd4
11. cxd4 Qxd4 12. Qxd4 Nxd4 13. Bd3 Ndc6 14. Bb2 Ng6 15. Re1 b6 16. Nh5 Nb8 17. f3 Ba6 18. Kf2 Bxd3 19. cxd3 Nd7 20. d4 Rfc8
21. Rc1 b5 22. g4 Nb6 23. Rxc8+ Rxc8 24. Rc1 Nc4 25. Rc3 a5 26. Ke2 Ne7 27. Nf4 Nxb2 28. Rxc8+ Nxc8
0-1

[Event "Turtle Speed # 16"]
[Site "SchemingMind.com"]
[Date "2009.01.09"]
[Round "-"]
[White "klk12"]
[Black "Tanis"]
[Result "0-1"]
[WhiteCountry "USA"]
[BlackCountry "CHN"]
[WhiteElo "1369"]
[WhiteRD "178"]
[BlackElo "2037"]
[BlackRD "76"]
[GameID "186957"]

1. e4 e6 2. d4 d5 3. Nc3 Bb4 4. Qf3 dxe4 5. Qxe4 Nf6 6. Qd3 O-O 7. Nf3 b6 8. Ne5 Ba6 9. Qf3 Qxd4 10. Qxa8 Bxc3+
11. bxc3 Qxe5+ 12. Be3 Qxc3+ 13. Kd1 Qxa1+ 14. Bc1 Rd8+ 15. Bd3 Bxd3 16. Qb7 Bc4+ 17. Ke1 Qxc1#
0-1

[Event "Turtle Speed # 16"]
[Site "SchemingMind.com"]
[Date "2009.01.09"]
[Round "-"]
[White "saitzi"]
[Black "Tanis"]
[Result "0-1"]
[WhiteCountry "GER"]
[BlackCountry "CHN"]
[WhiteElo "1596"]
[WhiteRD "130"]
[BlackElo "2033"]
[BlackRD "78"]
[GameID "186958"]

1. d4 Nf6 2. c4 e6 3. Nc3 Bb4 4. Qc2 c5 5. e3 cxd4 6. exd4 O-O 7. Nf3 d5 8. Be2 dxc4 9. Bxc4 b6 10. O-O Bb7
11. Ne5 Qxd4 12. Re1 Nbd7 13. Nxd7 Qxd7 14. a3 Bxc3 15. Qxc3 Rac8 16. Qb4 Bxg2 17. Kxg2 Qc6+
0-1